000
00334 a2200157 4500
001
187973
020
_a
0-582-40239-5
040
_c
Magnum
100
_a
Chandler, Raymond
240
1
0
_a
Farewell, my lovely
_l
ING
245
1
0
_a
Farewell, my lovely
300
_a
61
362
0
_a
1999
697
_a
LITERATURA INGLESA
942
_c
BK
999
_c
187973
_d
187973